[Event "LAT-ch (Women)"]
[Site "Riga"]
[Date "2012.05.02"]
[Round "6"]
[White "Zhiljaeva, Veronika"]
[Black "Parhomenko, Margarita"]
[Result "1/2-1/2"]
[WhiteElo "1595"]
[BlackElo "1565"]
[PlyCount "57"]
[EventDate "2012.04.29"]
[EventType "swiss"]
[EventRounds "9"]
[EventCountry "LAT"]
[SourceTitle "CBM 148 Extra"]
[Source "ChessBase"]
[SourceDate "2012.06.22"]
[SourceVersion "1"]
[SourceVersionDate "2012.06.22"]
[SourceQuality "1"]

1. d4 d5 2. Nf3 Nf6 3. c4 c6 4. Nc3 e6 5. Bg5 dxc4 6. e4 Be7 7. Bxf6 Bxf6 8. e5 Be7 9. Bxc4 Nd7 10. 0-0 0-0 11. Qc2 b5 12. Bd3 h6 13. Be4 Qb6 14. Ne2 Bb7 15. Rac1 Rac8 16. Qd2 Rfd8 17. Bb1 c5 18. dxc5 Nxc5 19. Qf4 Nd3 20. Bxd3 Rxd3 21. Rxc8+ Bxc8 22. Qe4 Rd8 23. Ng3 Bb7 24. Qe2 a6 25. Rc1 Bc5 26. Ne1 Qc7 27. Kf1 Qb6 28. Nd3 Bd4 29. b3 1/2-1/2